00742nam a2200241 0450000100060000001000180000609000100002410000410003410100080007510200070008320000730009020500140016321000580017721500230023560600350025867500210029370000380031470200350035280100180038799000110040599400090041699500750042534051 a9789896440909 a34051 a20170316e20122016m y0pory5003 ba1 apor aPT1 aInteligência emocionalfDaniel Golemangtrad. Mário Dias Correia a17ª. ed. aLisboacTemas e DebatescCírculo de Leitores,d2016 a374, [1] p.d24 cm aInteligência emocional95757 a159.942vBNzpor aGolemanbDanielf1946-407093747 aCorreiabMário Dias4730970 0aPTbRMBLgRPC cLIVROS aCOMP 0010947455bBMVAdBMVAALf0033875k159.9 GOLm2022-11-14o0rLIVROSs